Statistical tables and formulas /

Guardado en:
Autor Principal: Hald, Anders, 1913-
Formato: Libro
Idioma:English
Publicado: New York : Wiley, c1952.
Series:Wiley publications in statistics
Etiquetas: Agregar Etiqueta
Sin Etiquetas, Sea el primero en etiquetar este registro!
LEADER 00439nam a22001455a 4500
001 MAT.inmabb000512
008 031117s1952####nyu###########001#0#eng#d
005 20151112155809.0
245 1 0 |a Statistical tables and formulas /  |c A. Hald. 
260 |a New York :  |b Wiley,  |c c1952. 
300 |a 97 p. ;  |c 28 cm. 
440 0 |a Wiley publications in statistics 
100 1 |a Hald, Anders,  |d 1913- 
084 |a 62Q05  |2 msc2000 
859 |h 62  |i H158t  |p A-287  |b BIB. MATEMATICA